| 000 | 00869nam a22002657a 4500 | ||
|---|---|---|---|
| 001 | 8038 | ||
| 003 | FISKH | ||
| 005 | 20250819121335.0 | ||
| 008 | 250819b cb ||||| |||| 00| 0 eng d | ||
| 020 | _a9780545255189 | ||
| 040 |
_aFISKH _beng _cFISKH _dFISKH |
||
| 050 | _aPZ7.T5732 W | ||
| 082 | _a823.92 | ||
| 100 | _aToff, Di | ||
| 245 |
_aWolven / _cBy Di Toff |
||
| 250 | _aThis edition first printing, September 2010 | ||
| 260 |
_aNew York : _bScholastic , _c2010. |
||
| 300 |
_a322 pages : _billustrations ; _c20 cm . |
||
| 490 |
_aWolven _v1 |
||
| 520 | _aTwelve-year-old Nat, with help from family, friends, and his "pet" Woody, a wolf that turns into a boy, must face werewolves that have been altered as part of a dastardly plan. | ||
| 650 |
_aWerewolves _vFiction |
||
| 700 |
_aFalco, Phil _eBook Designer |
||
| 942 |
_2ddc _cBK _n0 |
||
| 999 |
_c8038 _d8038 |
||